Регионална библиотека "Любен Каравелов" - Русе

Покана (Запис номер 448013)

MARC детайли
000 -Лидер
Контролно поле с фиксирана дължина 01388nam a2200301 a 4500
003 - Код на организацията, давaща контролен номер
Контролно поле BLK
005 - Дата и час на последна редакция
Контролно поле 20230628131501.0
008 - Елементи от данни с фиксирана дължина
fixed length control field 180409b bul|||||r ||||||| ||bul||
040 ## - Източник на каталожния запис
Идентификатор на билиотеката - собственик на записа BLK
041 ## - Код за език
Код за езика на текст/звукозапис или на отделно заглавие Български
Код за езика КДБФ Български
080 ## - УДК
Текстов определител УДК Драматични театри. Театри за драма и комедия. Вж и 82-2
УДК код - определител по УДК 792.2
УДК определител (497.215)(062)
УДК - код + определител 792.2(497.215)(062)
111 ## - Редна дума - Наименование на мероприятие, временен колективен автор, като основен търсещ признак (конференция, симпозиум и др.)
9 (RLIN) 471247
Наименование на мероприятието или административната единица, като елемент от редна дума Драматичен театър "Сава Огнянов"
Място на провеждане на мероприятието Русе
139 ## - Редно поле
Авторски знак Драи - Д 87
245 10 - Сведения за заглавието
Заглавие Покана
Подзаглавни данни Чествуванепо случай 50-годишнината и 25 г. творческа дейност на народния артист Васил Попилиев
Физически носител (вид на носителя) [Малотир. изд.]
257 ## - Страна на издаване
Страна на създаване/издаване България
260 ## - Област на издателските данни
Място на издаване, разпространение и проч. Русе
Година на издаване 1979
300 ## - Физическа характеристика
Страници 1 л.
Размери/Мащаб 9x 42 см
380 ## - Жанр
Жанр Изкуство
500 ## - Общи забележки
Забележка Организират Окръжния и градския комитети на БКП-Русе ; Съюзът на артистите в България ; Окръжния и градски съвети за култура - Русе ; Драматичен театър "Сава Огнянов"
651 #4 - Допълнително описание по предмет - топоним
Географско понятие Русе
9 (RLIN) 179462
653 #7 - Ключова дума – ненормативна
Ключова дума театър
9 (RLIN) 198069
653 #7 - Ключова дума – ненормативна
Ключова дума чествания
9 (RLIN) 200642
852 ## - Местоположение
Форматна сигнатура К 792/Д 87
Фондова буква Краезнание
856 4# - Електронен адрес и достъп
Електронен формат pdf - файл
856 4# - Електронен адрес и достъп
Електронен формат pdf - файл
999 ## - СИСТЕМНИ КОНТРОЛНИ НОМЕРА
Koha biblionumber 448013
Koha biblioitemnumber 448013
942 ## - АРТИКУЛИ
Вид на библиотечния материал Книги
Скрит в OPAC Не
Периодичен библиозапис Да
Koha issues (borrowed), all copies 1
944 ## - СЪЗДАВАНЕ И РЕДАКЦИЯ на ЗАПИСА
Създаване/Редакция Създаване
Дата на регистрацията/редакция 2022-03-10
Статус, дата на статуса 2022-03-10
Служител, извършил регистрацията/редакцията К.Д.
Наличности
Код за отписване Код за изгубен артикул Източник на класификационната схема Код за повреда Коз за рестрикции Код за отдаване Артикулен № Име на библиотеката - собственик Име на библиотеката, в която се намира в момента Статус (Текущо местоположение) Дата на вписване в системата Местоположение - отдел Цена в лева Систематично азбучна сигнатура Баркод Цена в евро Служебен тип на артикула
  Не е изгубен Universal Decimal Classification Не е повреден само за читалня ползва се в читалня 876004 Регионална библиотека "Любен Каравелов" Русе Регионална библиотека "Любен Каравелов" Русе Краезнание 2022-03-16 Краезнание 1.00 К 792/Д 87 120000868675 0.51 Книги
Vip Innovations Ltd, Rousse, Bulgaria 2025